Election of 1828 Trivia - Statistics

General Stats
  • This quiz has been taken 21 times
  • The average score is 15 of 17
Answer Stats
Hint Answer % Correct
Victor Andrew Jackson
100%
Their party Democratic
100%
Their home state Tennessee
100%
After the election the victor had a massiveparty in the _____ _____ where he ended up having to flea out the window White House
100%
After the election, the victor's ____ diedafterward, he blamed Henry Clay's smear campaign for this death Wife
100%
Opponent John Quincy Adams
92%
Maryland
92%
State with the closest margin (0.5%) Maryland
92%
Their home state Massachusetts
92%
States that awarded electoral votestoo both candidates New York
92%
Former president who endorsedthe victor (Hint: Louisiana) Thomas Jefferson
92%
State with the largest margin (93%) Georgia
77%
Their running mate John C Calhoun
77%
Their party National Republican
77%
Maine
62%
Term for the losers campaign ofusing the victors shady past as a weapon such as their marital issues Mudslinging
62%
Their running mate Richard Rush
54%
No matching quizzes found
Score Distribution
Percent of People with Each Score
Percentile by Number Answered
Your Score History
You have not taken this quiz